| 000 | 00462nam a2200181Ia 4500 | ||
|---|---|---|---|
| 005 | 20230324091555.0 | ||
| 008 | 131103s9999 xx 000 0 und d | ||
| 040 | _aLoreto College | ||
| 041 | _aEnglish | ||
| 082 |
_a822.91 _bBEH |
||
| 100 | _aBehan, Brendan | ||
| 245 | 4 |
_aThe quare fellow _b A comedy drama _cBrendan Behan |
|
| 260 |
_aLondon _bMethuen & Co _c1965 |
||
| 300 | _a87p. | ||
| 650 | _aEnglish comedy - drama | ||
| 850 | _aLCLIB | ||
| 942 | _cBK | ||
| 999 |
_c21860 _d72339 |
||